Les 10 premiers pays dans l'ordre alphabétique - Statistiques

Statistiques générales
  • Ce quiz a été pris 242 fois
  • Le résultat moyen est 8 sur 10
Statistiques - réponses
Hint Réponse % Correct
Europe Albanie
91%
Europe Allemagne
87%
Afrique Algérie
83%
Europe Andorre
80%
Afrique Angola
80%
Asie Afghanistan
78%
Afrique Afrique du Sud
69%
Amériques Antigua-et-Barbuda
68%
Amériques Argentine
68%
Asie Arabie Saoudite
57%
Aucun quiz correspondant
Distribution des résultats
% des personnes avec chaque résultat
Percentile par nombre de réponses
Votre historique - résultats
Vous n’avez pas pris ce quiz